| 000 | 01316naa a22002897a 4500 | ||
|---|---|---|---|
| 001 | BR6007116 | ||
| 003 | BR-BrBNA | ||
| 005 | 20250709164603.0 | ||
| 007 | ta | ||
| 008 | 250630b bl.|||m| |||| 00| 0 por d | ||
| 040 |
_aBR-BrBNA _bpor _cBiblioteca Nacional de Agricultura |
||
| 041 | _a(Pt) | ||
| 072 |
_aH60 _b1910 _bG514 |
||
| 090 | _aH60 BR6007116 | ||
| 100 | 1 | _aSarmento, A. | |
| 111 | 1 |
_a4. Seminario Brasileiro de Herbicidas e Ervas Daninhas; 1. Reuniao Latinoamericana de Luta Contra as Ervas Mas _cItaguai, RJ (Brazil) _d3 Jul 1962 |
|
| 245 | 1 | _aInvasoras de pastagens em areas da Estacao Experimental de Tambe, Pernambuco, Brasil | |
| 500 | _aAnais do 4. Seminario Brasileiro de Herbicidas e Ervas Daninhas e 1. Reuniao Latinoamericana de Luta Contra as Ervas Mas Itaguai, RJ (Brasil): 1962. p. 31-40 [Summary (Pt)] (BR6007116-AMS) | ||
| 773 | 0 |
_tAnais do 4. Seminario Brasileiro de Herbicidas e Ervas Daninhas e 1. Reuniao Latinoamericana de Luta Contra as Ervas Mas _wH60 BR6007116 _gItaguai, RJ (Brasil), 1962. p. 31-40 |
|
| 650 | _aERVA DANINHA | ||
| 650 | _aPASTAGEM | ||
| 650 | _aDISTRIBUICAO GEOGRAFICA | ||
| 650 | _aPERNAMBUCO | ||
| 490 |
_aBoletim - Instituto de Ecologia e Experimentacao Agricolas (Brazil) _vno. 23 |
||
| 942 |
_cAMS _2AGRIS |
||
| 909 |
_a202506 _bLúcia _c55 _dLúcia Elande |
||
| 999 |
_c332549 _d332549 |
||